Tilastot visalle Oseanian pääkaupungit

Klikkaa tästä pelataksesi tätä visaa!

Yleistilastot

  • Tätä visaa on pelattu 291 kertaa
  • Keskiarvotulos 9 / 14

Vastaukset kartalla

Vastauksille on annettu kartalla punavihreä väri sen mukaan, kuinka moni on saanut sen oikein.
Ladataan ...
 

Vastaustilastot

ValtioPääkaupunki% Oikein
AustraliaCanberra
99%
Uusi-SeelantiWellington
91%
FidžiSuva
69%
Papua-Uusi-GuineaPort Moresby
68%
TuvaluFunafuti
67%
TongaNuku'alofa
63%
SamoaApia
62%
VanuatuPort Vila
61%
NauruYaren
59%
SalomonsaaretHoniara
56%
KiribatiSouth Tarawa
55%
MikronesiaPalikir
54%
PalauNgerulmud
51%
MarshallinsaaretMajuro
49%

Tulosjakauma

Persentiili vastausten määrän mukaan

Jokaisen tuloksen saaneiden osuus

Tuloshistoriasi

Et ole pelannut tätä visaa